[Event "Bangkok op 14th"]
[Site "Bangkok"]
[Date "2014.04.16"]
[Round "6"]
[White "Sorensen, Torben"]
[Black "Shukin, Andrey"]
[Result "1-0"]
[WhiteElo "2358"]
[BlackElo "2175"]
[PlyCount "63"]
[EventDate "2014.04.12"]
[EventType "swiss"]
[EventRounds "9"]
[EventCountry "THA"]
[SourceTitle "CBM 159 Extra"]
[Source "ChessBase"]
[SourceDate "2014.04.24"]
[SourceVersion "1"]
[SourceVersionDate "2014.04.24"]
[SourceQuality "1"]

1. Nf3 d5 2. d4 Nf6 3. c4 dxc4 4. Qa4+ Nc6 5. g3 a6 6. Qxc4 Be6 7. Qd3 Nb4 8. Qd1 Bd5 9. Bg2 Bxf3 10. Bxf3 Qxd4 11. Nd2 0-0-0 12. 0-0 e5 13. Qb3 e4 14. e3 Qe5 15. Bg2 Nbd5 16. Nc4 Qe6 17. Bd2 Bc5 18. Rac1 Nb6 19. Nxb6+ Qxb6 20. Qc2 Rhe8 21. Bc3 Nd5 22. Bxg7 Nxe3 23. Qxc5 Qxc5 24. Rxc5 Nxf1 25. Kxf1 b6 26. Rc3 f5 27. Re3 Rd1+ 28. Ke2 Red8 29. Bc3 Rg1 30. Bh3 Rd5 31. Rxe4 Rh1 32. Rh4 1-0

[Event "Bangkok op 14th"]
[Site "Bangkok"]
[Date "2014.04.14"]
[Round "4"]
[White "Lahiri, Atanu"]
[Black "Shukin, Andrey"]
[Result "1/2-1/2"]
[WhiteElo "2311"]
[BlackElo "2175"]
[PlyCount "75"]
[EventDate "2014.04.12"]
[EventType "swiss"]
[EventRounds "9"]
[EventCountry "THA"]
[SourceTitle "CBM 159 Extra"]
[Source "ChessBase"]
[SourceDate "2014.04.24"]
[SourceVersion "1"]
[SourceVersionDate "2014.04.24"]
[SourceQuality "1"]

1. d4 d5 2. c4 dxc4 3. e3 e5 4. Bxc4 Bb4+ 5. Nc3 exd4 6. exd4 Nc6 7. Nf3 Qe7+ 8. Be3 Nf6 9. 0-0 0-0 10. Bg5 Bxc3 11. bxc3 Bg4 12. Qd3 Rad8 13. h3 Bh5 14. Qf5 Bg6 15. Qf4 Qd6 16. Ne5 Na5 17. Nxg6 hxg6 18. Be2 c5 19. Qxd6 Rxd6 20. dxc5 Re6 21. Bf3 Nd7 22. Bg4 f5 23. Bf3 Kh7 24. Rad1 Nxc5 25. Bd5 Re2 26. Rfe1 Rfe8 27. Rxe2 Rxe2 28. Rd4 Re1+ 29. Kh2 Ne6 30. Ra4 b5 31. Rxa5 Nxg5 32. Rxb5 Ne4 33. Bxe4 Rxe4 34. Ra5 Rc4 35. Ra3 a5 36. Kg3 a4 37. Kf3 Re4 38. Kg3 1/2-1/2

[Event "Nebug op"]
[Site "Nebug"]
[Date "2012.03.07"]
[Round "7"]
[White "Shukin, Andrey"]
[Black "Frolov, Lev"]
[Result "1/2-1/2"]
[WhiteElo "2229"]
[BlackElo "1959"]
[PlyCount "107"]
[EventDate "2012.03.02"]
[EventType "swiss"]
[EventRounds "9"]
[EventCountry "RUS"]
[SourceTitle "EXT 2022"]
[Source "ChessBase"]
[SourceDate "2021.10.06"]
[SourceVersion "1"]
[SourceVersionDate "2021.10.06"]
[SourceQuality "1"]

1. Nf3 d5 2. b3 Nf6 3. Bb2 Bg4 4. Ne5 Bf5 5. e3 Nbd7 6. d4 e6 7. Nd2 Nxe5 8. dxe5 Ne4 9. Nxe4 Bxe4 10. f3 Bg6 11. Bd3 Bb4+ 12. Kf2 Qh4+ 13. g3 Qh6 14. Bb5+ c6 15. Qd4 Be7 16. Bd3 0-0 17. h4 Bxd3 18. cxd3 f6 19. Qg4 f5 20. Qa4 Qg6 21. h5 Qe8 22. Rag1 Qd7 23. f4 a5 24. Qd4 Bb4 25. Ba1 Qe7 26. Qb2 a4 27. g4 axb3 28. axb3 Bc5 29. gxf5 Rxf5 30. d4 Bb4 31. Rg2 Kh8 32. Kf3 Qf7 33. Rgh2 Rf8 34. Rh4 Be7 35. Qh2 Bxh4 36. Qxh4 g5 37. hxg6 Qxg6 38. Bc3 Rg8 39. Rh2 Rf7 40. Bb4 Rfg7 41. Be7 Qg3+ 42. Qxg3 Rxg3+ 43. Kf2 R8g6 44. Bg5 R3xg5 45. fxg5 Rxg5 46. Rh6 Rg6 47. Rh4 h6 48. e4 Kg7 49. exd5 cxd5 50. Rf4 h5 51. b4 Rg5 52. b5 b6 53. Rf6 Rg6 54. Rf4 1/2-1/2

[Event "Nebug op"]
[Site "Nebug"]
[Date "2012.03.05"]
[Round "4"]
[White "Maslak, Alexander"]
[Black "Shukin, Andrey"]
[Result "1-0"]
[WhiteElo "2202"]
[BlackElo "2229"]
[PlyCount "81"]
[EventDate "2012.03.02"]
[EventType "swiss"]
[EventRounds "9"]
[EventCountry "RUS"]
[SourceTitle "EXT 2022"]
[Source "ChessBase"]
[SourceDate "2021.10.06"]
[SourceVersion "1"]
[SourceVersionDate "2021.10.06"]
[SourceQuality "1"]

1. e4 c5 2. Nf3 g6 3. d4 Bg7 4. Nc3 cxd4 5. Nxd4 Nc6 6. Be3 Nf6 7. Bc4 Qa5 8. 0-0 d6 9. h3 0-0 10. Bb3 Bd7 11. f4 b5 12. a3 b4 13. Nd5 Qd8 14. Nxb4 Nxd4 15. Bxd4 Nxe4 16. Bd5 Ng3 17. Bxg7 Kxg7 18. Rf3 Nf5 19. Bxa8 Qb6+ 20. Kh2 Rxa8 21. Qd2 a5 22. Qc3+ Kg8 23. Nd5 Qb7 24. Qc7 Bc6 25. Qxb7 Bxb7 26. Rd3 Rc8 27. Rc3 Rxc3 28. Nxc3 Nd4 29. Rc1 f6 30. b4 Bc6 31. Rb1 Nxc2 32. b5 Bb7 33. b6 Kf7 34. Rb2 Nd4 35. Nb5 Nxb5 36. Rxb5 Ke6 37. Kg1 Kd7 38. Kf2 Kc8 39. Rb2 Bc6 40. Re2 Kb7 41. Rxe7+ 1-0

[Event "Nebug op"]
[Site "Nebug"]
[Date "2012.03.03"]
[Round "2"]
[White "Pischugin, Aleksey"]
[Black "Shukin, Andrey"]
[Result "0-1"]
[WhiteElo "2103"]
[BlackElo "2229"]
[PlyCount "82"]
[EventDate "2012.03.02"]
[EventType "swiss"]
[EventRounds "9"]
[EventCountry "RUS"]
[SourceTitle "EXT 2022"]
[Source "ChessBase"]
[SourceDate "2021.10.06"]
[SourceVersion "1"]
[SourceVersionDate "2021.10.06"]
[SourceQuality "1"]

1. d4 d5 2. Nf3 g6 3. g3 Bg7 4. Bg2 Nf6 5. 0-0 c6 6. Re1 Nbd7 7. Nbd2 0-0 8. b3 e5 9. Nxe5 Nxe5 10. dxe5 Ng4 11. Bb2 Nxe5 12. Rb1 Bg4 13. Nf1 Re8 14. Ne3 Bh5 15. Kh1 f5 16. c3 Qe7 17. Qc2 Bh6 18. Bc1 Qf8 19. Nf1 Ng4 20. Kg1 f4 21. Bf3 g5 22. Qd1 Nf6 23. Bxh5 Nxh5 24. e3 fxg3 25. hxg3 Nf6 26. Nd2 Bg7 27. Bb2 Qf7 28. c4 Rad8 29. c5 Rf8 30. Rf1 Qg6 31. Nf3 Ne4 32. Nd4 Rf7 33. Kg2 Nxc5 34. Bc3 Ne4 35. Be1 g4 36. Ne2 Ng5 37. Nf4 Qe4+ 38. f3 Nxf3 39. Kf2 Rd6 40. Rh1 d4 41. Qd3 dxe3+ 0-1

[Event "Vladivostok-ch"]
[Site "Vladivostok"]
[Date "2010.10.23"]
[Round "9"]
[White "Shukin, Andrey"]
[Black "Kopaev, Pavel"]
[Result "1-0"]
[WhiteElo "2216"]
[BlackElo "2091"]
[PlyCount "67"]
[EventDate "2010.10.15"]
[EventType "swiss"]
[EventRounds "9"]
[EventCountry "RUS"]
[SourceTitle "EXT 2022"]
[Source "ChessBase"]
[SourceDate "2021.10.06"]
[SourceVersion "1"]
[SourceVersionDate "2021.10.06"]
[SourceQuality "1"]

1. Nf3 Nf6 2. g3 d5 3. c4 d4 4. e3 dxe3 5. fxe3 Bg4 6. h3 Bf5 7. d3 Qd6 8. Rg1 Nc6 9. Nc3 0-0-0 10. Nb5 Qd7 11. g4 Bxd3 12. Bxd3 Qxd3 13. Qxd3 Rxd3 14. Ke2 Rd7 15. Nbd4 Nxd4+ 16. exd4 e6 17. Be3 Bd6 18. c5 Bf8 19. Ne5 Re7 20. Raf1 h6 21. h4 c6 22. Rg2 Nd5 23. Nxf7 Rg8 24. Nd6+ Kb8 25. Rgf2 Nf6 26. g5 Nd7 27. Bf4 Ka8 28. Kd2 g6 29. gxh6 Rh7 30. Re1 Bxh6 31. Bxh6 Rxh6 32. Rf7 Rd8 33. Rxe6 Nf8 34. Ree7 1-0

[Event "Vladivostok-ch"]
[Site "Vladivostok"]
[Date "2010.10.18"]
[Round "4"]
[White "Pavlovskiy, Mikhail"]
[Black "Shukin, Andrey"]
[Result "1-0"]
[WhiteElo "2217"]
[BlackElo "2216"]
[PlyCount "66"]
[EventDate "2010.10.15"]
[EventType "swiss"]
[EventRounds "9"]
[EventCountry "RUS"]
[SourceTitle "EXT 2022"]
[Source "ChessBase"]
[SourceDate "2021.10.06"]
[SourceVersion "1"]
[SourceVersionDate "2021.10.06"]
[SourceQuality "1"]

1. e4 g6 2. d4 c5 3. c3 Bg7 4. Nf3 cxd4 5. cxd4 Nf6 6. Nc3 0-0 7. Be2 d5 8. e5 Ne4 9. Qb3 Nxc3 10. Qxc3 Nc6 11. 0-0 Bg4 12. Be3 Rc8 13. Qd2 f6 14. exf6 exf6 15. Rfd1 Re8 16. Rac1 f5 17. h3 Bh5 18. Ne5 Nxe5 19. Rxc8 Qxc8 20. dxe5 Bxe2 21. Qxe2 Rxe5 22. Qd2 Qe6 23. Bxa7 d4 24. Qb4 Re2 25. Bxd4 Re4 26. Qc3 Qd7 27. Qb3+ Qf7 28. Qxf7+ Kxf7 29. Bxg7 Kxg7 30. Rd7+ Kf6 31. Rxb7 Re1+ 32. Kh2 h5 33. Rb6+ Ke5 1-0

[Event "Vladivostok-ch"]
[Site "Vladivostok"]
[Date "2010.10.15"]
[Round "1"]
[White "Shukin, Andrey"]
[Black "Frolov, Sergey2"]
[Result "1/2-1/2"]
[WhiteElo "2216"]
[BlackElo "1899"]
[PlyCount "104"]
[EventDate "2010.10.15"]
[EventType "swiss"]
[EventRounds "9"]
[EventCountry "RUS"]
[SourceTitle "EXT 2022"]
[Source "ChessBase"]
[SourceDate "2021.10.06"]
[SourceVersion "1"]
[SourceVersionDate "2021.10.06"]
[SourceQuality "1"]

1. d4 d5 2. c4 e6 3. Nf3 Nf6 4. g3 dxc4 5. Bg2 Nc6 6. 0-0 Rb8 7. a4 Bb4 8. Bg5 h6 9. Bf4 Nd5 10. Bd2 a5 11. Qc2 Nb6 12. Rd1 Bd7 13. Nc3 0-0 14. e4 Qe8 15. Nb5 Ne7 16. Bxb4 axb4 17. a5 Bxb5 18. axb6 c6 19. Ne5 Qd8 20. Nxc4 Bxc4 21. Qxc4 Qxb6 22. Ra4 Rfd8 23. Rxb4 Qa6 24. Qb3 Qe2 25. Bf3 Qa6 26. Rb6 Qa7 27. Kg2 Nc8 28. Rb4 b5 29. d5 Qc5 30. dxe6 Rxd1 31. exf7+ Kf8 32. Bxd1 Rb7 33. Qc3 Qxc3 34. bxc3 Rd7 35. Bg4 Rd8 36. Bh5 Ne7 37. e5 g6 38. Bg4 Kxf7 39. Rf4+ Ke8 40. Bf3 Rd3 41. c4 b4 42. c5 Nd5 43. Rc4 b3 44. Be4 Rd2 45. Bxg6+ Ke7 46. Re4 b2 47. Re1 Nc3 48. Kf1 Rd1 49. Rxd1 Nxd1 50. Ke1 Nc3 51. Kd2 b1Q 52. Bxb1 Nxb1+ 1/2-1/2

[Event "Vladivostok op-A"]
[Site "Vladivostok"]
[Date "2010.08.12"]
[Round "9"]
[White "Rychkov, Oleg"]
[Black "Shukin, Andrey"]
[Result "0-1"]
[WhiteElo "2105"]
[BlackElo "2223"]
[PlyCount "110"]
[EventDate "2010.08.04"]
[EventType "swiss"]
[EventRounds "9"]
[EventCountry "RUS"]
[SourceTitle "CBM 138 Extra"]
[Source "ChessBase"]
[SourceDate "2010.10.29"]
[SourceVersion "1"]
[SourceVersionDate "2010.10.29"]
[SourceQuality "1"]

1. d4 Nf6 2. c4 e6 3. Nf3 b6 4. a3 Bb7 5. Nc3 Ne4 6. Nxe4 Bxe4 7. Bf4 Be7 8. d5 d6 9. Nd2 Bg6 10. e4 0-0 11. g3 Nd7 12. h4 Nc5 13. Qe2 exd5 14. cxd5 Bf6 15. f3 h5 16. Nc4 Re8 17. Be3 a5 18. Bxc5 dxc5 19. Bg2 b5 20. Ne3 Qd6 21. Rh3 c4 22. Ra2 c3 23. bxc3 Bxc3+ 24. Kf2 c6 25. dxc6 Qxc6 26. Bf1 Rab8 27. Rh1 f5 28. a4 fxe4 29. axb5 Qf6 30. f4 Bf7 31. Rc2 Red8 32. Nc4 Rxb5 33. Ne5 Rxe5 34. Rxc3 Red5 35. Rc2 e3+ 36. Qxe3 Re8 37. Qa7 Qg6 38. Re2 Red8 39. Rh2 Rd3 40. Re3 Rd2+ 41. Kg1 Rxh2 42. Kxh2 Rd2+ 43. Kg1 Rd1 44. Qxa5 Bc4 45. Rf3 Rxf1+ 46. Rxf1 Qxg3+ 47. Kh1 Qh3+ 48. Kg1 Qxf1+ 49. Kh2 Qf2+ 50. Kh1 Qxh4+ 51. Kg1 Qg3+ 52. Kh1 Bf1 53. Qa8+ Kh7 54. Qe4+ Qg6 55. f5 Qg2+ 0-1

[Event "Vladivostok op-A"]
[Site "Vladivostok"]
[Date "2010.08.10"]
[Round "7"]
[White "Shukin, Andrey"]
[Black "Biryukov, Mikhail"]
[Result "1-0"]
[WhiteElo "2223"]
[BlackElo "2165"]
[PlyCount "77"]
[EventDate "2010.08.04"]
[EventType "swiss"]
[EventRounds "9"]
[EventCountry "RUS"]
[SourceTitle "CBM 138 Extra"]
[Source "ChessBase"]
[SourceDate "2010.10.29"]
[SourceVersion "1"]
[SourceVersionDate "2010.10.29"]
[SourceQuality "1"]

1. d4 d5 2. Nf3 e6 3. g3 Nf6 4. Bg2 c6 5. 0-0 Bd6 6. b3 0-0 7. c4 Nbd7 8. Bb2 Re8 9. Nbd2 dxc4 10. Nxc4 Bf8 11. Rc1 Nb6 12. Nfe5 Nxc4 13. Rxc4 Bd7 14. Qd2 Nd5 15. e4 Nb6 16. Rc2 Qe7 17. Qf4 Rad8 18. Nd3 Bc8 19. a4 Nd7 20. b4 f6 21. b5 cxb5 22. axb5 e5 23. Qe3 exd4 24. Bxd4 a6 25. Nf4 Ne5 26. Bb6 axb5 27. Bxd8 Rxd8 28. Qb3+ Qf7 29. Qxb5 Nc6 30. Qb6 Re8 31. e5 Rxe5 32. Rd1 Qe7 33. Bxc6 bxc6 34. Qxc6 Bb7 35. Qc4+ Kh8 36. Rcc1 Re4 37. Qc7 Qb4 38. Rb1 Re7 39. Qd8 1-0

[Event "Vladivostok City at Sea-B op"]
[Site "Vladivostok"]
[Date "2009.07.30"]
[Round "6"]
[White "Solovchuk, Mikhail"]
[Black "Shukin, Andrey"]
[Result "0-1"]
[WhiteElo "2162"]
[BlackElo "2197"]
[PlyCount "129"]
[EventDate "2009.07.24"]
[EventType "swiss"]
[EventRounds "9"]
[EventCountry "RUS"]
[SourceTitle "EXT 2022"]
[Source "ChessBase"]
[SourceDate "2021.10.06"]
[SourceVersion "1"]
[SourceVersionDate "2021.10.06"]
[SourceQuality "1"]

1. d4 Nf6 2. Nf3 b6 3. g3 Bb7 4. Bg2 e6 5. 0-0 c5 6. Nc3 a6 7. Bg5 Be7 8. Bxf6 Bxf6 9. e4 cxd4 10. Nxd4 Nc6 11. Nce2 0-0 12. c3 Ne5 13. Nc2 b5 14. Kh1 Qb6 15. Ned4 Rad8 16. Rb1 Nc6 17. f4 d6 18. Qd2 Ne7 19. Qe3 Qc7 20. Rbe1 e5 21. Nf3 exf4 22. gxf4 Ng6 23. f5 Ne5 24. Nxe5 dxe5 25. Nb4 Rd6 26. Rd1 Rfd8 27. Nd5 Bxd5 28. Rxd5 h6 29. Rfd1 Bg5 30. Qd3 Rxd5 31. exd5 Rd6 32. Be4 Bf4 33. Qe2 Qa5 34. Bb1 Qd8 35. Qg2 Qh4 36. Rg1 Bg5 37. Be4 Qf4 38. Qg4 Qd2 39. Qg2 Qe3 40. Qf3 Qc5 41. Qg4 Kf8 42. Qg2 Qc4 43. a3 Ke7 44. Qf3 Qc5 45. Qg3 Bf6 46. Rf1 Qc4 47. Qf3 Bg5 48. Rd1 Qb3 49. Qe2 Bf4 50. Rg1 Bg5 51. Rd1 Qa4 52. Rg1 Qa5 53. Rd1 Qc7 54. Rg1 Kf8 55. Rd1 Qe7 56. Rg1 Rf6 57. Rf1 Kg8 58. Rf3 Bf4 59. Rf1 Qc5 60. Qf2 Qc4 61. Qg2 Kf8 62. Rg1 g6 63. fxg6 fxg6 64. Bxg6 Be3 65. Rf1 0-1

[Event "Vladivostok op"]
[Site "Vladivostok"]
[Date "2009.06.??"]
[Round "7"]
[White "Petrov, Ivan2"]
[Black "Shukin, Andrey"]
[Result "1-0"]
[WhiteElo "2204"]
[BlackElo "2197"]
[PlyCount "79"]
[EventDate "2009.06.??"]
[EventType "swiss"]
[EventRounds "9"]
[EventCountry "RUS"]
[SourceTitle "EXT 2012"]
[Source "ChessBase"]
[SourceDate "2011.11.24"]
[SourceVersion "1"]
[SourceVersionDate "2011.11.24"]
[SourceQuality "1"]

1. e4 c5 2. Nf3 a6 3. d4 cxd4 4. Nxd4 e5 5. Nf3 Nf6 6. Nc3 Bb4 7. Bd2 Nc6 8. Bd3 d6 9. 0-0 Bg4 10. h3 Bh5 11. g4 Bxc3 12. bxc3 Bg6 13. Qe2 0-0 14. c4 h6 15. Rfb1 Rb8 16. a4 Qd7 17. Nh4 Nd4 18. Qe3 h5 19. g5 Nh7 20. f4 exf4 21. Qxd4 Nxg5 22. Bc3 Ne6 23. Qd5 Qe7 24. Nxg6 fxg6 25. Kh2 Kh8 26. Rg1 g5 27. h4 f3 28. Bd2 Rbc8 29. Bxg5 Qf7 30. Be3 Nf4 31. Qxf7 Rxf7 32. Raf1 Ne6 33. Rg6 Re8 34. Kg3 Nf8 35. Rxd6 Nd7 36. Rxf3 Nf6 37. Bd4 Ref8 38. Bxf6 gxf6 39. Rd5 Rh7 40. Kf2 1-0